Нефтегазоносные бассейны и регионы Сибири: В 8-ми вып.

Dades bibliogràfiques
Autor corporatiu: Сибирский научно-исследовательский институт геологии, геофизики и минерального сырья
Idioma:rus
Publicat: Новосибирск, Изд-во СНИИГГиМС, 1994-
Format: MixedMaterials Llibre
KOHA link:https://koha.lib.tpu.ru/cgi-bin/koha/opac-detail.pl?biblionumber=57504

MARC

LEADER 00000nam1a2200000 4500
001 57504
005 20231031054250.0
035 |a (RuTPU)RU\TPU\book\60671 
090 |a 57504 
100 |a 20031105d1994 k y0rusy50 ca 
101 0 |a rus 
102 |a RU 
200 1 |a Нефтегазоносные бассейны и регионы Сибири  |e В 8-ми вып.  |f Сибирский научно-исследовательский институт геологии, геофизики и минерального сырья 
210 |a Новосибирск  |c Изд-во СНИИГГиМС  |d 1994- 
675 |a 553.98.041(571)  |v 3 
712 0 2 |a Сибирский научно-исследовательский институт геологии, геофизики и минерального сырья  |2 stltpush  |3 (RuTPU)RU\TPU\col\322 
801 1 |a RU  |b 63413507  |c 20031105  |g PSBO 
801 2 |a RU  |b 63413507  |c 20031105  |g PSBO 
942 |c BK